Ark Survival Evolved : Abberation all creatures - Statistics

General Stats
  • This quiz has been taken 39 times
  • The average score is 11 of 14
Answer Stats
Hint Answer % Correct
Light pet Bulbdog
97%
Giant creature found on the surface Reaper
94%
Boss of Abberation Rockwell
94%
Steal their eggs to raise them Rock Drake
91%
Giant snake Basilisk
85%
Giant crab Karkinos
82%
Pack animal Ravager
82%
Comes out of the ground deep in Abberation Nameless
79%
Gathers gems from ground Roll Rat
79%
Light pet Shinehorn
76%
Flying creature found on surface Seeker
73%
Light pet Featherlight
67%
Flying battery Glowbug
61%
Light pet Glowtail
61%
No matching quizzes found
Score Distribution
Percent of People with Each Score
Percentile by Number Answered
Your Score History
You have not taken this quiz